Pictorial history of Japanese military aviation

में बचाया:
ग्रंथसूची विवरण
मुख्य लेखक: Sekigawa, Eiichiro
स्वरूप: पुस्तक
भाषा:Undetermined
प्रकाशित: London Allan 1974
विषय:
टैग : टैग जोड़ें
कोई टैग नहीं, इस रिकॉर्ड को टैग करने वाले पहले व्यक्ति बनें!
Thư viện lưu trữ: Trung tâm Học liệu Trường Đại học Cần Thơ
LEADER 00606nam a2200205Ia 4500
001 CTU_115049
008 210402s9999 xx 000 0 und d
082 |a 358.400952 
082 |b S457 
100 |a Sekigawa, Eiichiro 
245 0 |a Pictorial history of Japanese military aviation 
245 0 |c Eiichiro Sekigawa ; translated by C. Uchida ; English version edited by David Mondey. 
260 |a London 
260 |b Allan 
260 |c 1974 
650 |a Aeronautics, military 
650 |x History 
650 |z Japan 
904 |i Năm 
980 |a Trung tâm Học liệu Trường Đại học Cần Thơ